Statistiques concernant Pays avec le prix Nobel de littérature

Cliquez ici pour prendre le quiz!

Statistiques générales

  • Ce quiz a été pris 124 fois
  • Le résultat moyen est 27 sur 41

Statistiques - réponses

NobelPays% Correct
16France
100%
11Etats-Unis
98%
8Suède
94%
6Espagne
93%
10Royaume-Uni
93%
4Russie / URSS
92%
8Allemagne
91%
2Japon
90%
6Italie
89%
2Chine
87%
3Norvège
87%
1Mexique
85%
1Canada
83%
2Suisse
83%
1Portugal
81%
2Autriche
79%
1Finlande
79%
1Inde
79%
6Pologne
79%
1Australie
77%
4Irlande
76%
2Grèce
72%
2Afrique du Sud
70%
3Danemark
70%
1Belgique
69%
1Turquie
69%
1Hongrie
64%
2Chili
62%
1Égypte
62%
1Colombie
58%
1Pérou
54%
1Israël
53%
1Islande
48%
1Bulgarie
45%
1Yougoslavie
35%
1Nigeria
28%
1Tchécoslovaquie
26%
1Biélorussie
20%
1Guatemala
16%
1Sainte-Lucie
7%
1Île Maurice
4%

Distribution des résultats

Percentile par nombre de réponses

% des personnes avec chaque résultat

Votre développement - résultats

Vous n’avez pas pris ce quiz